000 01089nam a2200217Ia 4500
008 240822s9999 xx 000 0 und d
020 _a9789350024751
_qpbk
041 _aeng
082 _a305.4
_bROY
100 _aRoy, Srila
245 0 _aNew south asian feminisms
_bparadoxes and possibilities
245 0 _c/ Roy, S
250 _a1st ed.
260 _bAakar Books
_cc2012
_aDelhi
300 _ax, 198 p.
_c21 cm.
500 _aReprint, 2020
504 _aindex
520 _aSouth Asian feminism is in crisis. Under constant attack from right-wing nationalism and religious fundamentalism and co-opted by ‘NGO-ization’ and neoliberal state agendas, once autonomous and radical forms of feminist mobilization have been ideologically fragmented and replaced. It is time to rethink the feminist political agenda for the predicaments of the present. This timely volume provides an original and unprecedented exploration of the current state of South Asian feminist politics.
650 _aSouth Asia; Feminism & feminist theory; Women Social conditions
942 _cENGLISH
999 _c529873
_d529873